00449nmm a2200157Ia 4500008004100000041000800041100001200049245004700061264005100108300001800159490001400177650002200191856005200213942000700265999001900272251105s9999||||xx |||||||||||||||||und|| aspa aVV. AA. 0aVagos y maleantes :b Nuevas voces maricas a[Madrid, España] :bEditorial Egales, c2021 a256 páginas aNarrativa aSpanish narrative uhttps://public.digitaliapublishing.com/a/135812 cCF c100258d100258